00314 a2200121 450000100060000008200180000610000180002424500440004225000060008626000370009230000370012950000260016693293 a629.13435 SAE aSaeed Farokhi aAircraft propulsion, 2 ecFarokhi Saeed a2 aNew yorkb John Wiley&Sonsc2014 axxxi, 1011 p.bmaster copy 89156 aMS textbook Aerospace